000 01600cem a2200433 a 4500
001 15681859
003 OSt
005 20230620104709.0
007 ad canzn
008 090401s2009 ke bc e i 1 eng d
010 _a 2009349331
020 _a9789280729955
034 0 _aa
035 _a(OCoLC)ocn310392832
040 _aYDXCP
_cYDXCP
_dBTCTA
_dSDB
_dDLC
042 _alccopycat
_alcode
050 0 0 _aG2531.G3
_bU5 2009
052 _a8411
082 0 0 _a912.6762
_221
_bKEN
110 2 _aUnited Nations Environment Programme.
245 1 0 _aKenya, atlas of our changing environment /
_cUNEP.
255 _aScales differ.
260 _aNairobi, Kenya :
_bUnited Nations Environment Programme,
_cc2009.
300 _a1 atlas (viii, 160 p.) :
_bcol. ill., col. maps ;
_c36 cm.
500 _aRelief shown by shading and gradient tints.
500 _aAlso shows remote-sensing maps of Kenya.
500 _a"[Government of Kenya], UNEP, RCMRD, USGS, Government of Norway."
500 _a"[Copyright] ... United Nations Environment Programme"--T.p. verso.
504 _aIncludes bibliographical references (p. 157) and index.
650 0 _aEnvironmental impact analysis
_zKenya
_vMaps.
650 0 _aHuman ecology
_zKenya
_xHistory
_vMaps.
650 0 _aNatural resources
_zKenya
_vMaps.
651 0 _aKenya
_xEnvironmental conditions
_vMaps.
651 0 _aKenya
_vRemote-sensing maps.
651 0 _aKenya
_vMaps.
906 _a7
_bcbc
_ccopycat
_du
_encip
_f20
_gy-geogmaps
942 _2ddc
_cBK
999 _c1595
_d1595